01172nab a22002537a 4500003000400000005001700004008004100021040000700062100002300069245008300092260007300175300001500248500003600263505007400299505016700373505008100540650001800621650001400639650002600653650002300679650002500702650004300727773014800770OSt20260205134319.0190429b xxu||||| |||| 00| 0 spa d cPJ aManchini, Héctor10aUn trámite que impide hallar la verdad, hacer justicia /cHéctor Manchini. cCiudad Autónoma de Buenos Aires :aThomson Reuters La Ley, b2024. ap. 227-229 aCita: TR LALEY AR/DOC/859/2024. aFallo comentado: Trib. Impug. Sala III ~ 03/02/2016 ~ L., G. y otros. aFallo comentado: CS ~ 07/12/2023 ~ Lasi, Gustavo Orlando y otros s/ delito de doble homicidio calificado criminis causa, abuso sexual agravado y robo calificado. tSi te interesa el texto completo, solicitalo a koha@justierradelfuego.gov.ar 0aDERECHO PENAL 0aHOMICIDIO 0aVIOLENCIA DE GÉNERO 0aPRISIÓN PERPETUA 0aLIBERTAD CONDICIONAL 0aCORTE SUPREMA DE JUSTICIA DE LA NACION0 02658tRevista de derecho penal y criminología. Nº 4 - Mayo 2024dCiudad Autónoma de Buenos Aires : Thomson Reuters La Ley, 2017-x00347914